00437nam a2200145Ia 4500008004100000020001800041050002100059082002300080100002600103245005500129250001800184260002700202300001100229650005100240121101s9999 xx 000 0 und d a968-26-1258-6 aTS156 F4 C6 2000 a658.562 F297c 2000 aFeigenbaum, Armand V. aControl total de la calidad / Armand V. Feigenbaum a3a. Edición aMéxico : Continental a922 p. a1. CONTROL DE CALIDAD 2. ADMINISTRACIÓN.Ì